[Event "Open Loire 2011-2012"]
[Site "LOIRE"]
[Date "2012.04.28"]
[Round "7.5"]
[White "Buisson, Sebastien"]
[Black "Joly, Christian"]
[Result "0-1"]
[WhiteElo "1520"]
[BlackElo "1670"]
[PlyCount "72"]
[EventDate "2012.??.??"]

1. e4 d6 2. d4 Nf6 3. Nc3 g6 4. f3 Bg7 5. Be3 O-O 6. Qd2 e5 7. Nge2 a6 8. h4 b5
9. h5 Nxh5 10. g4 Nf6 11. Bh6 Bxg4 12. fxg4 Nxg4 13. Bxg7 Kxg7 14. Ng3 exd4 15.
Qxd4+ Qf6 16. Qxf6+ Nxf6 17. O-O-O Nbd7 18. Bg2 Rad8 19. Nd5 c6 20. Ne7 Ne5 21.
Nef5+ gxf5 22. Nxf5+ Kh8 23. Nxd6 Nfg4 24. Rh5 Rd7 25. Rdh1 f6 26. Nf5 Rff7 27.
Bh3 Nf2 28. Nh6 Nxh1 29. Nxf7+ Rxf7 30. Bf5 Ng3 31. Rh3 Nxf5 32. exf5 Rd7 33.
Rh6 Kg7 34. Rh3 Kh8 35. Rh6 Ng4 36. Rh3 Nf2 0-1

[Event "Open Loire 2011-2012"]
[Site "LOIRE"]
[Date "2012.04.28"]
[Round "7.6"]
[White "Doran, Niall"]
[Black "Volay, Pascal"]
[Result "1-0"]
[WhiteElo "1691"]
[BlackElo "1450"]
[PlyCount "109"]
[EventDate "2012.??.??"]

1. e4 e5 2. Nf3 Nc6 3. Bb5 a6 4. Ba4 Nf6 5. O-O b5 6. Bb3 Be7 7. c3 d6 8. Re1
Bg4 9. d3 O-O 10. Nbd2 Na5 11. Bc2 c5 12. Nf1 h6 13. Ng3 Nh7 14. h3 Bxf3 15.
Qxf3 Ng5 16. Qg4 Kh8 17. f4 exf4 18. Bxf4 Bf6 19. Nh5 Ne6 20. Nxf6 Nxf4 21.
Qxf4 Qxf6 22. Qxf6 gxf6 23. Rf1 Kg7 24. Rf5 Rae8 25. Raf1 Re6 26. R1f4 Rg8 27.
Kf2 Rh8 28. Bd1 Rh7 29. Rg4+ Kf8 30. Rh5 Re5 31. Rf4 Rxh5 32. Bxh5 Ke7 33. Rg4
Rh8 34. Rg7 Rf8 35. Rh7 Nc6 36. Rxh6 Ne5 37. Be2 Ng6 38. Ke3 Rh8 39. Rxh8 Nxh8
40. Bh5 Ng6 41. Bxg6 fxg6 42. Kf4 Ke6 43. h4 d5 44. g4 c4 45. dxc4 bxc4 46.
exd5+ Kxd5 47. h5 gxh5 48. gxh5 Ke6 49. h6 Kf7 50. Kf5 a5 51. h7 Kg7 52. h8=Q+
Kxh8 53. Kxf6 Kg8 54. Ke6 Kf8 55. Kd5 1-0

[Event "Open Loire 2011-2012"]
[Site "LOIRE"]
[Date "2012.04.28"]
[Round "7.7"]
[White "Frey, Thierry"]
[Black "Trottet, Francois"]
[Result "1-0"]
[WhiteElo "1831"]
[BlackElo "1440"]
[PlyCount "53"]
[EventDate "2012.??.??"]

1. e4 c5 2. Nf3 d6 3. d4 cxd4 4. Nxd4 Nf6 5. Nc3 a6 6. Bg5 e6 7. f4 h6 8. Bxf6
Qxf6 9. Qd2 Nd7 10. O-O-O Nb6 11. Be2 Qd8 12. Nf3 Be7 13. Kb1 O-O 14. g4 Bd7
15. f5 Bc6 16. Qe3 Rc8 17. h4 Na4 18. Nxa4 Bxa4 19. b3 Bb5 20. c4 Bc6 21. Bd3
b5 22. g5 exf5 23. gxh6 bxc4 24. hxg7 Kxg7 25. Rdg1+ Kh7 26. Ng5+ Kg6 27. Ne6+
1-0

[Event "Open Loire 2011-2012"]
[Site "LOIRE"]
[Date "2012.04.28"]
[Round "7.8"]
[White "Liogier, Pascal"]
[Black "Megnot, Philippe"]
[Result "1-0"]
[WhiteElo "1600"]
[BlackElo "1410"]
[PlyCount "29"]
[EventDate "2012.??.??"]

1. d4 d5 2. Nc3 Nf6 3. Bg5 c6 4. f3 e6 5. e4 dxe4 6. fxe4 Be7 7. e5 Nd5 8. Bxe7
Qxe7 9. Nge2 Na6 10. Ne4 O-O 11. N2c3 Nxc3 12. bxc3 Nc7 13. Bd3 Nd5 14. Qh5 Nf4
15. Nf6+ 1-0

[Event "Open Loire 2011-2012"]
[Site "LOIRE"]
[Date "2012.04.28"]
[Round "7.9"]
[White "Barrandon, Georges"]
[Black "Allabrune, Guillaume"]
[Result "0-1"]
[WhiteElo "1370"]
[BlackElo "1500"]
[PlyCount "26"]
[EventDate "2012.??.??"]

1. d4 d5 2. Nf3 Bg4 3. e3 Nf6 4. c4 Nc6 5. Be2 dxc4 6. Bxc4 e5 7. Be2 exd4 8.
Nxd4 Qd7 9. Bxg4 Nxg4 10. h3 Nf6 11. O-O O-O-O 12. Qa4 Nxd4 13. exd4 Qxa4 0-1

[Event "Open Loire 2011-2012"]
[Site "LOIRE"]
[Date "2012.04.28"]
[Round "7.10"]
[White "Brachet, Gerard"]
[Black "Boeuf, Jeremy"]
[Result "1/2-1/2"]
[WhiteElo "1320"]
[BlackElo "1596"]
[PlyCount "58"]
[EventDate "2012.??.??"]

1. Nf3 Nf6 2. d4 g6 3. c4 c5 4. d5 b5 5. cxb5 a6 6. Nc3 Bg7 7. Bd2 O-O 8. e4 d6
9. Bc4 axb5 10. Bxb5 Ba6 11. a4 Bxb5 12. axb5 Nbd7 13. O-O Qb6 14. Be3 Ng4 15.
Qe2 Nxe3 16. Qxe3 Bxc3 17. Rxa8 Rxa8 18. bxc3 Qxb5 19. Qh6 f6 20. Qc1 Ra4 21.
Nd2 Ne5 22. Qb1 Qxb1 23. Rxb1 Nc4 24. Nf1 Ra2 25. h3 Na3 26. Rb8+ Kf7 27. Ra8
Ra1 28. g4 Nc2 29. Rxa1 Nxa1 1/2-1/2

[Event "Open Loire 2011-2012"]
[Site "LOIRE"]
[Date "2012.04.28"]
[Round "7.11"]
[White "Mazet, Christian"]
[Black "Martin, Julien"]
[Result "1-0"]
[WhiteElo "1570"]
[BlackElo "1440"]
[PlyCount "55"]
[EventDate "2012.??.??"]

1. e4 e5 2. Nf3 d6 3. c3 Nf6 4. Qc2 Nc6 5. Bb5 Bd7 6. d4 Be7 7. O-O O-O 8. Re1
exd4 9. cxd4 Nb4 10. Qb3 a5 11. Bxd7 Qxd7 12. Bd2 d5 13. Ne5 Qe6 14. a3 Nc6 15.
exd5 Nxd5 16. Nf3 Qd7 17. Nc3 Nxc3 18. Bxc3 b6 19. d5 Nd8 20. Rad1 Nb7 21. Ne5
Qf5 22. Nc6 Bc5 23. Bd4 Bxd4 24. Ne7+ Kh8 25. Nxf5 Bc5 26. Qg3 Rg8 27. Qxc7 Nd8
28. Rd3 1-0

[Event "Open Loire 2011-2012"]
[Site "LOIRE"]
[Date "2012.04.28"]
[Round "7.12"]
[White "Rasle, Jean-Michel"]
[Black "Rogues, Jean-Luc"]
[Result "1-0"]
[WhiteElo "1690"]
[BlackElo "1430"]
[PlyCount "139"]
[EventDate "2012.??.??"]

1. d4 d5 2. c4 c6 3. Nc3 Nf6 4. Qc2 Qd7 5. Nf3 Qf5 6. Qxf5 Bxf5 7. Bf4 Nbd7 8.
e3 Nb6 9. b3 Ne4 10. Nxe4 Bxe4 11. Nd2 Bg6 12. Be2 e6 13. O-O Bb4 14. Nf3 O-O
15. Ne5 dxc4 16. bxc4 Na4 17. Nxg6 hxg6 18. c5 Rfe8 19. a3 Ba5 20. Rfc1 Nc3 21.
Bd3 b6 22. Bd6 b5 23. Kf1 b4 24. axb4 Bxb4 25. Ra6 Nd5 26. Rxc6 a5 27. Ra6 Rxa6
28. Bxa6 Ra8 29. Bb7 Ra7 30. Bxd5 exd5 31. Ra1 f6 32. Ra4 Kf7 33. Bg3 Ke6 34.
f3 Kd7 35. Be1 Rb7 36. Ke2 Kc6 37. Ra2 Kb5 38. Bxb4 axb4 39. Kd2 b3 40. Rb2 Kc4
41. h3 Ra7 42. Kc1 Ra1+ 43. Rb1 Ra6 $11 44. Kd2 Ra2+ 45. Kc1 Ra6 46. Kd2 Ra2+
47. Kd1 Ra6 48. Rc1+ Kb5 49. Kd2 Ra2+ 50. Kc3 Ra3 51. Rb1 b2+ 52. Kxb2 Rxe3 53.
Ka1+ Kc6 54. Rb6+ Kc7 55. Ra6 Kb7 56. Rb6+ Kc7 57. Rd6 Re1+ 58. Kb2 Re2+ 59.
Kc3 Rxg2 60. Rxd5 Rg3 61. Kb4 Rxf3 62. Rd6 Rxh3 63. d5 Rh4+ 64. Kb5 Rh5 65.
Rc6+ Kd7 66. d6 Rd5 67. Rc7+ Kd8 68. Kc6 Rd1 69. Rxg7 g5 70. Rg8# 1-0

[Event "Open Loire 2011-2012"]
[Site "LOIRE"]
[Date "2012.04.28"]
[Round "7.13"]
[White "Mialon, Franck"]
[Black "Fournier, Remy"]
[Result "1-0"]
[WhiteElo "1360"]
[BlackElo "1499"]
[PlyCount "55"]
[EventDate "2012.??.??"]

1. e4 c6 2. d4 d5 3. exd5 cxd5 4. Bd3 Nc6 5. Nf3 Bg4 6. c3 Nf6 7. Nbd2 e6 8.
O-O Be7 9. h3 Bh5 10. Bb1 O-O 11. Qc2 Bg6 12. Qd1 Bxb1 13. Rxb1 Bd6 14. Re1 Re8
15. Ne5 Bc7 16. Ndf3 Qb8 17. Bf4 Nd7 18. Nxd7 Qc8 19. Bxc7 Qxd7 20. Bh2 Ne7 21.
Ne5 Qc8 22. Qg4 g6 23. Qh4 Nf5 24. Qf6 Qd8 25. Qxf7+ Kh8 26. Nxg6+ hxg6 27.
Be5+ Ng7 28. Qxg7# 1-0

[Event "Open Loire 2011-2012"]
[Site "LOIRE"]
[Date "2012.04.28"]
[Round "7.14"]
[White "Daillere, Roland"]
[Black "Ben Habchi, Nordine"]
[Result "0-1"]
[WhiteElo "1230"]
[BlackElo "1450"]
[PlyCount "54"]
[EventDate "2012.??.??"]

1. d4 c5 2. Nf3 cxd4 3. Nxd4 d5 4. Nc3 Nf6 5. Bg5 e5 6. Nf3 d4 7. Ne4 Nc6 8. e3
Be7 9. Nxf6+ Bxf6 10. Bxf6 Qxf6 11. Bb5 O-O 12. Bxc6 bxc6 13. O-O Bb7 14. exd4
exd4 15. Qxd4 Qh6 16. Qh4 Qg6 17. Ne5 Qxc2 18. b3 Rfe8 19. Qc4 Qf5 20. f4 h5
21. Rad1 a5 22. Rd7 Ba6 23. Qxf7+ Qxf7 24. Rxf7 Bxf1 25. Kxf1 Rxe5 26. Rc7 Rc5
27. a4 Rb8 0-1

[Event "Open Loire 2011-2012"]
[Site "LOIRE"]
[Date "2012.04.28"]
[Round "7.15"]
[White "Choquelle, Jean"]
[Black "Richard, Nicolas"]
[Result "0-1"]
[WhiteElo "1170"]
[BlackElo "1430"]
[PlyCount "100"]
[EventDate "2012.??.??"]

1. c4 e6 2. Nc3 Nf6 3. Nf3 d5 4. e3 Nbd7 5. a3 b6 6. b4 c5 7. Rb1 Rb8 8. b5 a6
9. a4 a5 10. d3 d4 11. Ne4 dxe3 12. Bxe3 Nxe4 13. dxe4 Bb7 14. Bd3 Bd6 15. O-O
Qc7 16. g3 O-O 17. Kg2 Nf6 18. Qd2 Nxe4 19. Qc2 Nf6 20. Rbe1 g6 21. Bh6 Rfe8
22. Re2 Ba8 23. Rfe1 Qb7 24. Be4 Nxe4 25. Rxe4 f5 26. R4e3 Bf8 27. Bf4 Rbd8 28.
Be5 Bg7 29. Qe2 Bh6 30. Rc3 Rd2 31. Qf1 Rd7 32. Kg1 Qc8 33. Qh3 Bg7 34. Ng5
Bxe5 35. Rxe5 Rd1+ 36. Qf1 Rxf1+ 37. Kxf1 Qd8 38. Nf3 Bxf3 39. Rxf3 Qd1+ 40.
Kg2 Qxa4 41. Rfe3 Qxc4 42. f3 a4 43. h4 Qd4 44. Rxe6 Rxe6 45. Rxe6 Qd2+ 46. Kh3
a3 47. Rxb6 a2 48. Ra6 Qb2 49. b6 a1=Q 50. Ra7 Qxa7 0-1

[Event "Open Loire 2011-2012"]
[Site "LOIRE"]
[Date "2012.04.28"]
[Round "7.16"]
[White "Lempereur, Theo"]
[Black "Niceto, Pierrick"]
[Result "0-1"]
[WhiteElo "1270"]
[BlackElo "1130"]
[PlyCount "50"]
[EventDate "2012.??.??"]

1. e4 e5 2. Nf3 Nc6 3. Nc3 Nf6 4. Bc4 Bc5 5. d3 d6 6. Bg5 Bg4 7. O-O Bxf3 8.
Qxf3 Nd4 9. Qg3 O-O 10. Bh6 Nh5 11. Qg4 Qf6 12. Nd5 Qxh6 13. Ne7+ Kh8 14. Qd7
c6 15. Qxb7 Qg5 16. Ba6 Nf4 17. g3 Nde2+ 18. Kh1 Nxg3+ 19. fxg3 Rab8 20. Qxc6
Rxb2 21. gxf4 Qg4 22. fxe5 Rxc2 23. Ng6+ hxg6 24. Rg1 Qf3+ 25. Rg2 Qxg2# 0-1

[Event "Open Loire 2011-2012"]
[Site "LOIRE"]
[Date "2012.04.28"]
[Round "7.17"]
[White "Pogosian, Gor"]
[Black "Acikgoz, Tuncay"]
[Result "0-1"]
[WhiteElo "1220"]
[BlackElo "1310"]
[PlyCount "62"]
[EventDate "2012.??.??"]

1. d3 e5 2. Nf3 Nc6 3. g3 f5 4. Bg2 Nf6 5. O-O Bc5 6. c3 O-O 7. b4 Bb6 8. Bg5
a6 9. Nbd2 d6 10. e4 h6 11. Bxf6 Qxf6 12. Bh3 fxe4 13. Nxe4 Qxf3 14. Qxf3 Rxf3
15. Bxc8 Rxc8 16. Rad1 Rcf8 17. Rd2 Ba7 18. Kg2 b6 19. Rfd1 d5 20. a4 dxe4 21.
dxe4 Rxc3 22. b5 axb5 23. axb5 Nd4 24. Ra2 Nxb5 25. Rb1 c6 26. Rd1 Ra3 27. Rc2
Nd4 28. h4 Nxc2 29. Rd7 Ra2 30. Rc7 Ne3+ 31. Kh3 c5 0-1

[Event "Open Loire 2011-2012"]
[Site "LOIRE"]
[Date "2012.04.28"]
[Round "7.18"]
[White "Poyet, Louis"]
[Black "Sabatier, Baptiste"]
[Result "1-0"]
[WhiteElo "1290"]
[BlackElo "1199"]
[PlyCount "63"]
[EventDate "2012.??.??"]

1. e4 e5 2. Nf3 Nc6 3. Bc4 Nf6 4. Ng5 h6 5. Nxf7 Qe7 6. Nxh8 Nxe4 7. d3 Ng5 8.
Bxg5 Qxg5 9. Nc3 Qxg2 10. Bf7+ Kd8 11. Bd5 Qh3 12. Qe2 Nd4 13. Qd2 c6 14. Be4
d5 15. Bg6 Qg2 16. O-O-O Bb4 17. Qe1 Qg5+ 18. Kb1 Nf3 19. Qg1 Nd2+ 20. Rxd2
Qxd2 21. Qd1 Qf4 22. a3 c5 23. Nxd5 Qd4 24. Nxb4 cxb4 25. axb4 Qxb4 26. c3 Qf8
27. Nf7+ Ke8 28. Nd6+ Ke7 29. Nf5+ Kf6 30. Qg4 Be6 31. Rg1 Qc8 32. Qh4# 1-0

[Event "Open Loire 2011-2012"]
[Site "LOIRE"]
[Date "2012.04.28"]
[Round "8.1"]
[White "Schlick, Paul"]
[Black "Liogier, Pascal"]
[Result "1/2-1/2"]
[WhiteElo "1710"]
[BlackElo "1600"]
[PlyCount "72"]
[EventDate "2012.??.??"]

1. d4 f5 2. c4 Nf6 3. Nc3 c6 4. Bf4 e6 5. e3 Be7 6. Nf3 O-O 7. Bd3 d5 8. c5
Nbd7 9. b4 Ne4 10. Bxe4 fxe4 11. Ne5 Nxe5 12. Bxe5 Bf6 13. Bg3 Bh4 14. Qg4 Bxg3
15. Qxg3 Qf6 16. O-O Rf7 17. f3 exf3 18. Rxf3 Qe7 19. Raf1 Rxf3 20. Rxf3 Bd7
21. Qc7 b6 22. Qe5 Rf8 23. Rxf8+ Kxf8 24. Qf4+ Qf6 25. g3 Qxf4 26. exf4 b5 27.
Kf2 Ke7 28. Kf3 Kf6 29. h3 h5 30. g4 hxg4+ 31. hxg4 g6 32. g5+ Kg7 33. Nd1 Kh7
34. Nf2 Kg7 35. Ng4 Kf8 36. Ne5 Be8 $11 1/2-1/2

[Event "Open Loire 2011-2012"]
[Site "LOIRE"]
[Date "2012.04.28"]
[Round "8.2"]
[White "Buisine, Roman"]
[Black "Carteron, Olivier"]
[Result "0-1"]
[WhiteElo "1651"]
[BlackElo "1680"]
[PlyCount "82"]
[EventDate "2012.??.??"]

1. e4 e6 2. d4 d5 3. e5 c5 4. c3 Nc6 5. Nf3 Qb6 6. a3 cxd4 7. cxd4 f6 8. b4 a6
9. Be2 fxe5 10. dxe5 g6 11. Bb2 Bg7 12. Qd2 Nh6 13. O-O Nf7 14. Qf4 O-O 15. Qg3
Qc7 16. Re1 Ncxe5 17. Kh1 Qd6 18. Nxe5 Bxe5 19. Bxe5 Qxe5 20. Qxe5 Nxe5 21. Kg1
Nc6 22. Bg4 e5 23. Bf3 e4 24. Bd1 Kg7 25. Bb3 Rf5 26. Nc3 Ne7 27. Rad1 Re5 28.
Nxd5 Be6 29. Nxe7 Bxb3 30. Rd7 Kf8 31. Rb1 Ba4 32. Nxg6+ hxg6 33. Rxb7 e3 34.
fxe3 Rxe3 35. Rf1+ Ke8 36. Rg7 Bb3 37. Rxg6 Rd8 38. Rxa6 Bc4 39. Rff6 Bxa6 40.
Rxa6 Rb3 41. h3 Rdd3 0-1

[Event "Open Loire 2011-2012"]
[Site "LOIRE"]
[Date "2012.04.28"]
[Round "8.3"]
[White "Joly, Christian"]
[Black "Benakila, Samir"]
[Result "1/2-1/2"]
[WhiteElo "1670"]
[BlackElo "1570"]
[PlyCount "78"]
[EventDate "2012.??.??"]

1. d4 Nf6 2. Nf3 g6 3. e3 Bg7 4. Bd3 O-O 5. O-O b6 6. c4 d5 7. b3 Bb7 8. Bb2
Ne4 9. Nc3 Nxc3 10. Bxc3 c5 11. Rc1 dxc4 12. bxc4 Nd7 13. d5 Bxc3 14. Rxc3 Qc7
15. Rb3 Ne5 16. Be2 Rad8 17. a4 e6 18. e4 Nxf3+ 19. Bxf3 f5 20. e5 exd5 21.
cxd5 Qxe5 22. Re1 $11 Qd6 23. Re6 Qxe6 24. dxe6 Rxd1+ 25. Bxd1 Bd5 26. Re3 Re8
27. e7 Kf7 28. Re5 Bb7 29. Bb3+ Kg7 30. a5 Bc8 31. Ba4 Kf7 32. Bxe8+ Kxe8 33.
axb6 axb6 34. Kf1 Ba6+ 35. Ke1 b5 36. Kd2 Bb7 37. g3 Bc6 38. Rxc5 Bd7 39. Re5
Kf7 1/2-1/2

[Event "Open Loire 2011-2012"]
[Site "LOIRE"]
[Date "2012.04.28"]
[Round "8.4"]
[White "Libiszewski, Christian"]
[Black "Rasle, Corentin"]
[Result "1-0"]
[WhiteElo "1590"]
[BlackElo "1720"]
[PlyCount "47"]
[EventDate "2012.??.??"]

1. e4 e6 2. d4 d5 3. exd5 exd5 4. c4 c6 5. Nf3 Nf6 6. Nc3 Bg4 7. cxd5 Nxd5 8.
Be2 Bb4 9. Bd2 O-O 10. O-O Re8 11. Re1 Nxc3 12. bxc3 Ba5 13. Ne5 Bxe2 14. Rxe2
Nd7 15. Nc4 Bc7 16. Ne3 Re6 17. Qb3 b5 18. Rae1 Qe7 19. d5 cxd5 20. Nxd5 Qd8
21. Nxc7 Rxe2 22. Rxe2 Qxc7 23. Re7 Qd6 24. Qxf7+ 1-0

[Event "Open Loire 2011-2012"]
[Site "LOIRE"]
[Date "2012.04.28"]
[Round "8.5"]
[White "Allabrune, Guillaume"]
[Black "Frey, Thierry"]
[Result "0-1"]
[WhiteElo "1500"]
[BlackElo "1831"]
[PlyCount "54"]
[EventDate "2012.??.??"]

1. e4 c5 2. c3 d5 3. Nf3 Nc6 4. exd5 Qxd5 5. d4 Nf6 6. c4 Qe4+ 7. Be3 Nxd4 8.
Nxd4 cxd4 9. Qxd4 e5 10. Qxe4 Nxe4 11. f3 Bb4+ 12. Nd2 Nxd2 13. Bxd2 Bc5 14.
Bc3 f6 15. O-O-O Be6 16. g4 Ke7 17. b4 Be3+ 18. Kc2 Rac8 19. c5 Bxa2 20. Ra1
Bd5 21. Be2 a6 22. Rhd1 Bc6 23. Kb3 Rhd8 24. Kc4 Bb5+ 25. Kb3 Bxe2 26. Re1 Bxf3
27. Rxe3 Bxg4 0-1

[Event "Open Loire 2011-2012"]
[Site "LOIRE"]
[Date "2012.04.28"]
[Round "8.6"]
[White "Pradel, Philippe"]
[Black "Sueur, Raphael"]
[Result "1-0"]
[WhiteElo "1499"]
[BlackElo "1499"]
[PlyCount "69"]
[EventDate "2012.??.??"]

1. d4 d5 2. Bg5 Nc6 3. Nf3 Nf6 4. e3 e6 5. Nbd2 Bd6 6. c3 O-O 7. Bd3 e5 8. dxe5
Bxe5 9. Nxe5 Nxe5 10. Bxh7+ Kxh7 11. Qc2+ Kg8 12. O-O-O c6 13. f3 b5 14. Nb3
Qb6 15. Rd4 Ng6 16. Bxf6 gxf6 17. h4 Ne7 18. g4 c5 19. Rd2 c4 20. Nd4 f5 21.
gxf5 Qf6 22. Rg2+ Kh8 23. Rg5 Ng8 24. Qg2 Nh6 25. e4 dxe4 26. fxe4 Bb7 27. Qe2
Rae8 28. Qd2 Bxe4 29. Rh5 Kh7 30. Rg1 Rg8 31. Rgg5 Rg7 32. Qe2 Qe5 33. Rxh6+
Kg8 34. Qg4 Rxg5 35. Qxg5+ 1-0

[Event "Open Loire 2011-2012"]
[Site "LOIRE"]
[Date "2012.04.28"]
[Round "8.7"]
[White "Mazet, Christian"]
[Black "Doran, Niall"]
[Result "0-1"]
[WhiteElo "1570"]
[BlackElo "1691"]
[PlyCount "48"]
[EventDate "2012.??.??"]

1. d4 Nf6 2. c4 g6 3. Nc3 Bg7 4. e4 d6 5. f3 O-O 6. Be3 c5 7. Nge2 cxd4 8. Nxd4
Nc6 9. Be2 Bd7 10. Qd2 a6 11. Kf2 Rc8 12. h4 Ne5 13. b3 h5 14. Bh6 Qb6 15. Bxg7
Kxg7 16. Qe3 Qd8 17. Rac1 Nh7 18. Nd5 f5 19. Nf4 Rf6 20. exf5 Bxf5 21. Nxf5+
Rxf5 22. Ne6+ Kg8 23. Nxd8 Ng4+ 24. Kg3 Nxe3 0-1

[Event "Open Loire 2011-2012"]
[Site "LOIRE"]
[Date "2012.04.28"]
[Round "8.8"]
[White "Boeuf, Jeremy"]
[Black "Buisson, Sebastien"]
[Result "1/2-1/2"]
[WhiteElo "1596"]
[BlackElo "1520"]
[PlyCount "73"]
[EventDate "2012.??.??"]

1. e4 c5 2. f4 Nc6 3. Nf3 g6 4. Bc4 Bg7 5. Nc3 e6 6. d3 a6 7. a3 Nge7 8. Be3
Nd4 9. O-O Nec6 10. Ne2 Nxf3+ 11. Rxf3 Nd4 12. e5 Nxf3+ 13. gxf3 d5 14. Bb3 d4
15. Bf2 O-O 16. Ng3 Bh6 17. Ne4 Bxf4 18. Nf6+ Kg7 19. Bg3 Bg5 20. Ng4 h5 21. f4
hxg4 22. fxg5 Qxg5 23. Qf1 Bd7 24. Bf4 Qh5 25. Qf2 Bc6 26. Rf1 g5 27. Bg3 Bf3
28. c4 dxc3 29. bxc3 Rad8 30. d4 cxd4 31. cxd4 Rc8 32. d5 exd5 33. Bxd5 Bxd5
34. Qf6+ Kg8 35. Rf5 Rc1+ 36. Kf2 Kh7 37. Rxg5 1/2-1/2

[Event "Open Loire 2011-2012"]
[Site "LOIRE"]
[Date "2012.04.28"]
[Round "8.9"]
[White "Ben Habchi, Nordine"]
[Black "Volay, Pascal"]
[Result "1-0"]
[WhiteElo "1450"]
[BlackElo "1450"]
[PlyCount "109"]
[EventDate "2012.??.??"]

1. b3 Nf6 2. Bb2 d5 3. Bxf6 exf6 4. Nf3 Nc6 5. e3 a6 6. Bd3 Ne5 7. O-O Nxd3 8.
cxd3 Be7 9. Nc3 c6 10. Qc2 O-O 11. Rac1 Be6 12. d4 Qd7 13. Ne2 Bf5 14. d3 Ba3
15. Rcd1 Rfe8 16. Ng3 Bg4 17. Qe2 Bd6 18. h3 Bxg3 19. fxg3 Bf5 20. g4 Bg6 21.
Nh4 Qe7 22. Rf3 Qd6 23. Nf5 Bxf5 24. gxf5 Re7 25. Re1 Rae8 26. Qc2 Qb4 27. Re2
Kh8 28. Kh2 Qd6+ 29. g3 Rg8 30. Qd2 g6 31. Rg2 Qd7 32. g4 g5 33. h4 h6 34. hxg5
fxg5 35. f6 Re6 36. Rf5 Qd6+ 37. Kh1 Rxf6 38. Rgf2 Rgg6 39. Qa5 Kg7 40. Qc3
Rxf5 41. gxf5 Rf6 42. e4 dxe4 43. dxe4 Qg3 44. Qxg3 h5 45. e5 Rh6 46. Qxg5+ Kh7
47. f6 Rg6 48. Qf5 Kh6 49. Rh2 Rg5 50. Qd7 Kg6 51. e6 fxe6 52. Qxe6 Rf5 53. f7+
Kg5 54. Rg2+ Kf4 55. Rf2+ 1-0

[Event "Open Loire 2011-2012"]
[Site "LOIRE"]
[Date "2012.04.28"]
[Round "8.10"]
[White "Mialon, Franck"]
[Black "Rasle, Jean-Michel"]
[Result "0-1"]
[WhiteElo "1360"]
[BlackElo "1690"]
[PlyCount "36"]
[EventDate "2012.??.??"]

1. e4 e6 2. d4 d5 3. exd5 exd5 4. Bd3 Bd6 5. Nf3 Nf6 6. h3 O-O 7. Bg5 Re8+ 8.
Be2 Bf5 9. Nc3 c6 10. Qd2 Nbd7 11. Nh4 Be6 12. O-O-O b5 13. f4 Nb6 14. g4 b4
15. Nb1 Qc7 16. Bxf6 Bxf4 17. Be5 Bxd2+ 18. Nxd2 Qd8 0-1

[Event "Open Loire 2011-2012"]
[Site "LOIRE"]
[Date "2012.04.28"]
[Round "8.11"]
[White "Trottet, Francois"]
[Black "Barrandon, Georges"]
[Result "1-0"]
[WhiteElo "1440"]
[BlackElo "1370"]
[PlyCount "70"]
[EventDate "2012.??.??"]

1. e4 c5 2. c3 Nc6 3. Nf3 d6 4. d4 cxd4 5. cxd4 Nf6 6. Bd3 e5 7. d5 Ne7 8. h3
Ng6 9. Nc3 a6 10. a4 Be7 11. O-O Bd7 12. b4 O-O 13. Be3 Qb8 14. a5 Qe8 15. Qe2
h6 16. Rfc1 Nh7 17. b5 Bc8 18. bxa6 bxa6 19. Na4 Bd8 20. Nb6 Bxb6 21. axb6 a5
22. Rc6 Qd8 23. Qd2 Bb7 24. Rc7 Qb8 25. Rxa5 Rxa5 26. Qxa5 Qa8 27. Qxa8 Bxa8
28. b7 Bxb7 29. Rxb7 Nf6 30. Nd2 Nh5 31. g3 Nf6 32. Nc4 Rd8 33. Na5 Nd7 34. Nc6
Nc5 35. Bxc5 dxc5 1-0

[Event "Open Loire 2011-2012"]
[Site "LOIRE"]
[Date "2012.04.28"]
[Round "8.12"]
[White "Megnot, Philippe"]
[Black "Brachet, Gerard"]
[Result "1-0"]
[WhiteElo "1410"]
[BlackElo "1320"]
[PlyCount "67"]
[EventDate "2012.??.??"]

1. d4 d5 2. Nf3 g6 3. Bf4 Bg7 4. e3 Nf6 5. Be2 O-O 6. O-O Nc6 7. Nc3 e6 8. Nb5
a5 9. Nxc7 Ra7 10. Nb5 Ra8 11. a3 b6 12. Rc1 Ba6 13. c4 Bxb5 14. cxb5 Ne7 15.
Bc7 Qe8 16. Bxb6 Nd7 17. Bc5 Rc8 18. Qa4 Nxc5 19. dxc5 Ra8 20. Rc2 e5 21. c6 h6
22. b6 e4 23. Nd4 Bxd4 24. exd4 Rc8 25. Bb5 Qd8 26. c7 Qd6 27. Bd7 Ra8 28. b7
Ra7 29. c8=Q Nxc8 30. bxc8=Q Rxc8 31. Rxc8+ Kg7 32. Bg4 Qf4 33. Qe8 h5 34. Qh8#
1-0

[Event "Open Loire 2011-2012"]
[Site "LOIRE"]
[Date "2012.04.28"]
[Round "8.13"]
[White "Martin, Julien"]
[Black "Niceto, Pierrick"]
[Result "1-0"]
[WhiteElo "1440"]
[BlackElo "1130"]
[PlyCount "71"]
[EventDate "2012.??.??"]

1. e4 e5 2. Nf3 Nc6 3. d4 f6 4. Bb5 exd4 5. Bxc6 bxc6 6. Nxd4 Bc5 7. Be3 Ba6 8.
Qh5+ g6 9. Qxc5 d6 10. Qxc6+ Kf8 11. Ne6+ Ke7 12. Nxd8 Kxd8 13. Qxa6 Ne7 14.
Nc3 f5 15. Bg5 Rb8 16. Nd5 Rxb2 17. Qxa7 Rxc2 18. Bxe7+ Ke8 19. Qb8+ Kd7 20.
Qb5+ Ke6 21. Qb3 Rc5 22. Bf6 Rf8 23. Nxc7+ Kxf6 24. Qe6+ Kg7 25. Ne8+ Kh6 26.
O-O Re5 27. Qxd6 Rexe8 28. exf5 Rd8 29. Qg3 Rxf5 30. Rad1 Ra8 31. Rd7 Rxa2 32.
Qh4+ Rh5 33. Qf4+ Rg5 34. h4 Raa5 35. hxg5+ Rxg5 36. Re1 1-0

[Event "Open Loire 2011-2012"]
[Site "LOIRE"]
[Date "2012.04.28"]
[Round "8.14"]
[White "Richard, Nicolas"]
[Black "Poyet, Louis"]
[Result "1-0"]
[WhiteElo "1430"]
[BlackElo "1290"]
[PlyCount "97"]
[EventDate "2012.??.??"]

1. e4 e5 2. Nf3 Nc6 3. d4 d6 4. d5 Nb4 5. a3 Na6 6. Nc3 Bg4 7. Be2 Nf6 8. h3
Bxf3 9. Bxf3 Be7 10. O-O O-O 11. Be3 Qd7 12. Bg5 h6 13. Bxf6 Bxf6 14. Bg4 Qe8
15. Qd2 c6 16. dxc6 bxc6 17. Rad1 Rb8 18. b4 Bg5 19. Qe2 Nc7 20. Rxd6 Rd8 21.
Rxd8 Bxd8 22. Qe3 a6 23. f4 f6 24. fxe5 Qxe5 25. Qc5 Qe8 26. Re1 Be7 27. Qc4+
Kh8 28. Rd1 h5 29. Bd7 Qf7 30. Qxf7 Rxf7 31. Bxc6 f5 32. exf5 Rxf5 33. Rd7 Bf6
34. Rxc7 Be5 35. Rc8+ Kh7 36. Be4 g6 37. Bxf5 gxf5 38. Nd5 Kg6 39. Rc6+ Kg5 40.
Rxa6 Bd4+ 41. Kh1 f4 42. c4 Kf5 43. b5 Ke4 44. b6 f3 45. gxf3+ Kxf3 46. b7 Kg3
47. b8=Q+ Kxh3 48. Rg6 Bf2 49. Qh2# 1-0

[Event "Open Loire 2011-2012"]
[Site "LOIRE"]
[Date "2012.04.28"]
[Round "8.15"]
[White "Fournier, Remy"]
[Black "Daillere, Roland"]
[Result "0-1"]
[WhiteElo "1499"]
[BlackElo "1230"]
[PlyCount "72"]
[EventDate "2012.??.??"]

1. e4 d5 2. exd5 Qxd5 3. Nc3 Qa5 4. d4 Nf6 5. Nf3 Bg4 6. h3 Bh5 7. g4 Bg6 8.
Ne5 e6 9. Nc4 Qb4 10. a3 Qe7 11. Bf4 Nd5 12. Qd2 Nc6 13. Bg2 Bxc2 14. Qxc2 Nxf4
15. O-O Nxg2 16. Kxg2 Nxd4 17. Qe4 Nc6 18. Rad1 Rd8 19. Qe1 g6 20. Qe3 Bg7 21.
f3 O-O 22. Rd2 a6 23. Rfd1 Rxd2+ 24. Nxd2 Be5 25. Nde4 f5 26. Nc5 f4 27. Qf2
Rd8 28. Re1 Qf6 29. N3e4 Qe7 30. Qc2 Qh4 31. Qc1 Rd3 32. Rf1 Nd4 33. Qb1 Rd2+
34. Nf2 Qg3+ 35. Kh1 Nxf3 36. Nce4 Qh2# 0-1

[Event "Open Loire 2011-2012"]
[Site "LOIRE"]
[Date "2012.04.28"]
[Round "8.16"]
[White "Rogues, Jean-Luc"]
[Black "Choquelle, Jean"]
[Result "1-0"]
[WhiteElo "1430"]
[BlackElo "1170"]
[PlyCount "61"]
[EventDate "2012.??.??"]

1. d4 d5 2. c4 e6 3. Nc3 Nf6 4. Bf4 c6 5. e3 Be7 6. Bd3 Nbd7 7. Qc2 a6 8. Nf3
Nb6 9. O-O dxc4 10. Be4 Nbd5 11. Nxd5 exd5 12. Bf5 Bd6 13. Ne5 Be6 14. e4 O-O
15. exd5 cxd5 16. Rfe1 Re8 17. a3 Qe7 18. Bxe6 fxe6 19. Re2 Rac8 20. Rae1 Ng4
21. Bg3 Qg5 22. Nf3 Qf6 23. Bxd6 Rf8 24. Bxf8 Rxf8 25. Ne5 Qh4 26. Nxg4 Qxg4
27. Rxe6 Qf4 28. Re8 Qxd4 29. Rxf8+ Kxf8 30. Qe2 Kf7 31. Qe6+ 1-0